Igroteka avtomatov /

Uložené v:
Podrobná bibliografia
Hlavní autori: Komskij, David Matvejevič (Author), Igošev, Boris Michajlovič (Author)
Médium: Kniha
Jazyk:Russian
Vydané: Moskva : Energoatomizdat, 1987
Vydanie:1. izd.
ISBN: (brož.)
Fyzický popis: 223 s.
Tagy: Pridať tag
Žiadne tagy, Buďte prvý kto otaguje tento záznam!

MARC

LEADER 00000nam a2200000 a 4500
001 000289708
005 20061216131709.0
008 061216s1987 ru e 000 0 ruso
020 |a (brož.) 
040 |a SVKKK  |b slo  |c SVKKK  |e AACR2 
041 0 |a rus 
044 |a ru  |c RU 
100 1 |a Komskij, David Matvejevič  |4 aut 
245 1 0 |a Igroteka avtomatov /  |c David Matvejevič Komskij, Boris Michajlovič Igošev 
250 |a 1. izd. 
260 |a Moskva :  |b Energoatomizdat,  |c 1987 
300 |a 223 s. 
700 1 |a Igošev, Boris Michajlovič  |4 aut 
998 |a BK 
090 |g SCKHL  |k Sklad Pribinova 2. posch.  |a II.316593  |j 776285  |i B93339  |s Absenčne